How to read statistics.

Bibliographic Details
Main Author: Vesselo, Isaac R.
Format: Book
Language:English
Published: [Place of publication not identified] : Van Nostrand, [1965]
Subjects:

MARC

Tag First Indicator Second Indicator Subfields
LEADER 00000cam a2200000 4500
001 in00000052160
005 20151007080341.0
008 711022c19651962 eng u
010 |a  65004414  
035 |a (OCoLC)00166401 
035 |9 AAF4664AM 
040 |c WSU  |d TXA  |d UtOrBLW 
049 |a TXAM  |c [453665] 
090 |a HA29  |b .V455 1965 
092 |a 311  |b V582h 
100 1 |a Vesselo, Isaac R. 
245 1 0 |a How to read statistics. 
264 1 |a [Place of publication not identified] :  |b Van Nostrand,  |c [1965] 
264 4 |c [©1962] 
300 |a 207 pages 
336 |a text  |b txt  |2 rdacontent 
337 |a unmediated  |b n  |2 rdamedia 
338 |a volume  |b nc  |2 rdacarrier 
650 0 |a Statistics. 
999 |a MARS 
999 f f |s 58bfe947-b087-38ba-a0ef-a58392b45962  |i 3254f05a-9d6c-3843-b571-da125feec177  |t 0 
952 f f |p ric  |a Texas A&M University  |b Rellis Campus  |c Joint Library Facility  |d Remote Storage  |t 0  |e HA29 .V455 1965  |h Library of Congress classification  |i unmediated -- volume  |m A14800652561 
998 f f |a HA29 .V455 1965  |t 0  |l Remote Storage